| 000 | 00000nam##2200000za#4500 |
| 001 | 9.642133 |
| 003 | CaOODSP |
| 005 | 20210624223545 |
| 007 | cr ||||||||||| |
| 008 | 150407|1997||||xxc|||||o f|0| 0 fre|d |
| 040 | |aCaOODSP|bfre |
| 043 | |an-cn--- |
| 086 | 1 |aRH64-78/1997F-PDF |
| 110 | 1 |aCanada.|bDéveloppement des ressources humaines Canada. |bPolitique stratégique. |
| 245 | 10|aLes expériences syndicales patronales d'innovation en milieu de travail au Québec : |h[ressource électronique]|bdocument de référence sur les enseignements tirés de l’innovation en milieu de travail / |cpréparé par le Centre canadien du marché du travail et de la productivité pour la Direction générale de l'évaluation et de l'exploitation de données. |
| 260 | |aOttawa - Ontario : |bDéveloppement des ressources humaines Canada. |cJuillet 1997. |
| 300 | |a39p.|btableaux |
| 504 | |aBibliographie. |
| 590 | |a13-16-Supp|b2013-07-12 |
| 691 | 07|aInnovation|2gcpds |
| 691 | 07|aMilieu de travail|2gcpds |
| 775 | 08|tQuebec labour and management experiences with workplace innovation : |w(CaOODSP)9.698139 |
| 856 | 40|ahttp://publications.gc.ca|qPDF|s93 Ko|uhttps://publications.gc.ca/collections/collection_2013/rhdcc-hrsdc/RH64-78-1997-fra.pdf |